00346nam a2200109Mu 4500040001000000082002500010100001900035245009800054260002600152300002600178710003200204 cDEBSZ a571 SN 2010 A081 Or.1 aFokuhl, Verena10aBiologie allergen-spezifischer Plasmazellen in einem Mausmodell f©ơr allergisches Asthma / a[S.l. :bs.n.],c2010 a68 S. :bgraph. Darst2 aFreie Universit©Þt Berlin